<?xml version="1.0" encoding="UTF-8"?>
<record
    xmlns:xsi="http://www.w3.org/2001/XMLSchema-instance"
    xsi:schemaLocation="http://www.loc.gov/MARC21/slim http://www.loc.gov/standards/marcxml/schema/MARC21slim.xsd"
    xmlns="http://www.loc.gov/MARC21/slim">

  <leader>00897nam a2200253 a 4500</leader>
  <controlfield tag="001">BRL_1779</controlfield>
  <controlfield tag="005">20190320211351.0</controlfield>
  <controlfield tag="008">300715s1982----bo-a######---#000-0#spa-#</controlfield>
  <datafield tag="041" ind1=" " ind2=" ">
    <subfield code="a">spa</subfield>
  </datafield>
  <datafield tag="044" ind1=" " ind2=" ">
    <subfield code="a">bo</subfield>
  </datafield>
  <datafield tag="050" ind1=" " ind2="4">
    <subfield code="a">GT4232.O7</subfield>
    <subfield code="b">.C37 1982</subfield>
  </datafield>
  <datafield tag="100" ind1="1" ind2=" ">
    <subfield code="a">Castillo Porcel, Oscar Eduardo</subfield>
    <subfield code="9">27857</subfield>
  </datafield>
  <datafield tag="245" ind1="1" ind2="0">
    <subfield code="a">El carnaval de Oruro y la peregrinaci&#xF3;n a la Virgen del Socav&#xF3;n</subfield>
    <subfield code="b">proceso evolutivo del Carnaval de Oruro y la peregrinaci&#xF3;n a la Virgen del Socav&#xF3;n</subfield>
    <subfield code="c">Oscar Eduardo Castillo Porcel.</subfield>
  </datafield>
  <datafield tag="260" ind1=" " ind2=" ">
    <subfield code="a">Bolivia</subfield>
    <subfield code="b">Editorial Lilial</subfield>
    <subfield code="c">1982</subfield>
  </datafield>
  <datafield tag="300" ind1=" " ind2=" ">
    <subfield code="a">95 p.</subfield>
    <subfield code="b">il.</subfield>
    <subfield code="c">16 cm.</subfield>
  </datafield>
  <datafield tag="500" ind1=" " ind2=" ">
    <subfield code="a">Au1985</subfield>
  </datafield>
  <datafield tag="650" ind1="1" ind2="4">
    <subfield code="a">Carnaval</subfield>
    <subfield code="z">Oruro (Bolivia)</subfield>
    <subfield code="9">27858</subfield>
  </datafield>
  <datafield tag="650" ind1="1" ind2="4">
    <subfield code="a">Peregrinaciones cristianas</subfield>
    <subfield code="z">Oruro (Bolivia)</subfield>
    <subfield code="9">27859</subfield>
  </datafield>
  <datafield tag="650" ind1="1" ind2="4">
    <subfield code="a">Socavo&#xEC;n, Virgen del</subfield>
    <subfield code="9">27860</subfield>
  </datafield>
  <datafield tag="651" ind1=" " ind2="4">
    <subfield code="a">Oruro (Bolivia)</subfield>
    <subfield code="x">Vida social y costumbres</subfield>
    <subfield code="9">27861</subfield>
  </datafield>
  <datafield tag="740" ind1="0" ind2=" ">
    <subfield code="a">Carnaval de Oruro</subfield>
  </datafield>
  <datafield tag="902" ind1=" " ind2=" ">
    <subfield code="a">GRL</subfield>
  </datafield>
  <datafield tag="942" ind1=" " ind2=" ">
    <subfield code="2">lcc</subfield>
    <subfield code="c">B</subfield>
  </datafield>
  <datafield tag="999" ind1=" " ind2=" ">
    <subfield code="c">10587</subfield>
    <subfield code="d">10587</subfield>
  </datafield>
  <datafield tag="952" ind1=" " ind2=" ">
    <subfield code="0">0</subfield>
    <subfield code="1">0</subfield>
    <subfield code="4">0</subfield>
    <subfield code="7">0</subfield>
    <subfield code="a">BRL</subfield>
    <subfield code="b">BRL</subfield>
    <subfield code="d">2015-07-30</subfield>
    <subfield code="i">Au1985</subfield>
    <subfield code="l">0</subfield>
    <subfield code="o">GT4232.O7 .C37 1982 (Au1985)</subfield>
    <subfield code="p">GRL01948</subfield>
    <subfield code="r">2019-03-22 00:00:00</subfield>
    <subfield code="w">2019-03-22</subfield>
    <subfield code="y">B</subfield>
  </datafield>
</record>
